Logo biblioteca
Santa Fe 2917, Rosario, Santa Fe
Lu-Vi 8 a 19.45
+54-341-4232362
bibliotecaeudoro@gmail.com
Facebook Biblioteca Pedagógica
Sitio web

Plegado de papel: (Registro nro. 32559)

Detalles MARC
000 -CABECERA
campo fijo de control de longitud 01049nab a2200217 4500
003 - IDENTIFICADOR DEL NÚMERO DE CONTROL
campo de control AR-RoBPED
005 - FECHA Y HORADE LA ULTIMA TRANSACCION
campo de control 20260413095243.0
008 - ELEMENTOS DE LONGITUD FIJA--INFORMACION GENERAL
campo fijo de control de longitud 260413b |||||||| |||| 00| 0 spa d
040 ## - FUENTE CATALOGADORA
Centro catalogador/agencia de origen AR-RoBPED
041 ## - IDIOMA
Código de idioma para texto/pista de sonido o título independiente spa
100 1# - ENCABEZAMIENTO PRINCIPAL--AUTOR PERSONAL
Nombre de persona Rabino, Adriana Zita
9 (RLIN) 22029
Función Profesora de Matemática
245 1# - TITULO
Título Plegado de papel:
Subtítulo conjetura y demostración /
260 ## - PUBLICACION
Lugar Buenos Aires :
Editor Noveduc,
Fecha 2025
300 ## - DESCRIPCION FISICA
Extensión 30-37 p.
500 ## - NOTA GENERAL
Nota general La autora invita a explorar el plegado de papel como un recurso potente para la enseñanza de contenidos en el área de Matemática. Además, señala que esta técnica milenaria contribuye a mejorar las capacidades de concentración, memoria y pensamiento lógico, y el desarrollo de destrezas psicomotrices.
650 #7 - TERMINO DE MATERIA--CONTROLADO
Término controlado ENSEÑANZA DE LAS MATEMATICAS
9 (RLIN) 818
Término controlado ACTIVIDADES DIDACTICAS
9 (RLIN) 18754
773 0# - DOCUMENTO FUENTE
Host Biblionumber 20414
Host Itemnumber 41869
Place, publisher, and date of publication Buenos Aires : Noveduc, 1993-
Título Novedades Educativas
Record control number (AR-RoBPED)20414
International Standard Serial Number 03283534
942 ## - ELEMENTOS KOHA
Fuente de clasificación Universal Decimal Classification
Koha tipo de ítem Revistas
Clasificación 37(05)
Signatura librística Nov 86 N° 401 (Abril.2025)
Número Koha k.32559
945 ## - PROCESAMIENTO DE LA INFORMACIÓN LOCAL
Catalogador y fecha mar 04/2026

No hay ítems disponibles.